000 01118nam a2200385Ia 4500
001 0084
003 DO-SdBPM
005 20250731113210.0
007 ta
008 140604s2001 sp 000 0 und d
020 _a8441402485
040 _a DO-SdBPM
_bspa
_cBPMSU
_erda
082 4 _a155.282
_bH893g 2001
_222
100 1 _a Silié Gatón, José A.
245 1 0 _aGuía práctica de grafología :
_blo que revela su escritura sobre su personalidad y carácter /
_cAlbert E. Hughes ; traducción Andrés Linares
250 _a6a. ed.
260 _b
_c
264 _aMadrid :
_bEdaf,
_c2001
300 _a262 páginas ;
_c23 cm.
336 _atexto
_btxt
_2rdacontent
337 _asin mediación
_bn
_2rdamedia
338 _avolumen
_bnc
_2rdacarrier
500 _a
590 _aInventaidado, 2025/VM
650 7 _aGrafología.
650 7 _aCaligrafía.
650 7 _aPsicología de la escritura.
650 7 _aPersonalidad.
700 1 _aLinares, Andrés
_etraducción
856 _3
856 _u
910 _aVMateo V.Control de calidad. BPMSU
942 _2ddc
_cBK
999 _c15300
_d15300